Schiedsgerichtsbarkeit in gesellschaftsrechtlichen und erbrechtlichen Angelegenheiten : sonderdruck

Αποθηκεύτηκε σε:
Λεπτομέρειες βιβλιογραφικής εγγραφής
Κύριος συγγραφέας: Bockstiegel, Karl-Heinz
Άλλοι συγγραφείς: Westermann, Harm Peter
Μορφή: Βιβλίο
Γλώσσα:German
Δημοσίευση: Koln : Heymanns, [χ.χ.]
Θέματα:
Ετικέτες: Προσθήκη ετικέτας
Δεν υπάρχουν, Καταχωρήστε ετικέτα πρώτοι!

MARC

LEADER 00000cam a2200000 i 4500
001 1/36696
008 061031q ger d
035 |l 10085886 
040 |a GR-MY-UA  |b gre  |e aacr 
041 0 |a ger 
082 0 |a 346.066  |2 (22) 
100 1 |a Bockstiegel, Karl-Heinz. 
245 1 0 |a Schiedsgerichtsbarkeit in gesellschaftsrechtlichen und erbrechtlichen Angelegenheiten :  |b sonderdruck /  |c Karl-Heinz Bckstiegel 
260 |a Koln :   |b Heymanns,   |c [χ.χ.] 
300 |a 31-47 σ.;  |c 23 εκ. 
500 |a mit Beitrgen von Karl-Heinz Bckstiegel ... [et al.] ; und mit wichtigen Texten 
650 0 0 |a Corporation law. 
700 1 |a Westermann, Harm Peter. 
852 |a INST  |b CHIOS  |e 20061031  |h 346.066 BOC  |p 005200026839  |q 005200026839  |t BK  |y 0 
901 |a BIBL2-2006-3 
909 |a Χ  |b 120302 
970 |a ΒΑΣΙΛΑΚΗ  |b ΝΙΚΗ  |z 2006/10/31